Analýza a racionalizácia vybraných podnikových logistických aktivít v priemyselnom podniku : Diplomová práca

Uložené v:
Podrobná bibliografia
Hlavný autor: Baroš, Branislav (Autor)
Ďalší autori: Červeňan, Štefan (xxx)
Médium: Rukopis Kniha
Jazyk:Slovak
Vydavateľské údaje: Trnava : STU v Bratislave MtF KMK, 2002
Predmet:
Tagy: Pridať tag
Žiadne tagy, Buďte prvý, kto otaguje tento záznam!

MARC

LEADER 00000ntm a22000003a 4500
001 stu77021
005 20160719155037.7
008 020828s2002----xo------------------slo-d
040 |a STU  |b slo 
041 0 |a slo 
044 |a xo 
100 1 |a Baroš, Branislav  |4 aut 
245 1 |a Analýza a racionalizácia vybraných podnikových logistických aktivít v priemyselnom podniku :  |b Diplomová práca 
260 |a Trnava :  |b STU v Bratislave MtF KMK,  |c 2002 
300 |a 65 s  |c abstr. + príl. 
650 7 |a logistické procesy  |2 stusub 
650 7 |a priemyselné podniky  |2 stusub 
650 7 |a priemyselné inžinierstvo  |2 stusub 
700 1 |a Červeňan, Štefan  |4 xxx  |u M190  |U MTF Materiálovotechnologická fakulta  |T MTF Katedra priemyselného inžinierstva a manažmentu  |U M190  |Y 167